Statistics for Countries by Biggest City

Click here to take the quiz!

General Stats

  • This quiz has been taken 47 times
  • The average score is 20 of 20

Answer Stats

City Country % Correct
ParisFrance
100%
São PauloBrazil
100%
TehranIran
100%
LondonUnited Kingdom
100%
Buenos AiresArgentina
100%
RomeItaly
100%
TorontoCanada
100%
PyongyangNorth Korea
100%
MoscowRussia
100%
SydneyAustralia
100%
ShanghaiChina
100%
New York CityUnited States
100%
JohannesburgSouth Africa
100%
MumbaiIndia
100%
BerlinGermany
100%
TokyoJapan
100%
CairoEgypt
100%
Ho Chi Minh CityVietnam
98%
JakartaIndonesia
95%
Dar es SalaamTanzania
77%

Score Distribution

Percentile by Number Answered

Percent of People with Each Score

Your Score History

You have not taken this quiz